000 00894cam a22003133a 4500
001 2127
003 PGUSA
005 20140828083011.0
008 060326s2006||||xxu|||||s|||||000 1 eng d
040 _aPGUSA
_beng
042 _adc
050 4 _aPQ
100 1 _aSaint-Pierre, Bernardin de,
_d1737-1814
245 1 0 _aPaul and Virginia
_h[electronic resource] /
_cBernardin de Saint-Pierre
260 _bProject Gutenberg,
_c2006
506 _aPublic domain in the USA.
516 _aElectronic text
653 _aDeath -- Fiction
653 _aShipwrecks -- Fiction
653 _aFriendship -- Fiction
653 _aSlavery -- Fiction
653 _aCharity -- Fiction
653 _aMauritius -- Fiction
653 _aLove stories
740 0 _aPaul et Virginie. English
830 0 _aProject Gutenberg
_v2127
856 4 0 _uhttp://www.gutenberg.org/ebooks/2127
942 _cEB
999 _c231465
_d231465